| 000 -LEADER |
| fixed length control field |
01540cam a22004218i 4500 |
| 001 - CONTROL NUMBER |
| control field |
20899726 |
| 003 - CONTROL NUMBER IDENTIFIER |
| control field |
NUST |
| 005 - DATE AND TIME OF LATEST TRANSACTION |
| control field |
20210329121419.0 |
| 008 - FIXED-LENGTH DATA ELEMENTS--GENERAL INFORMATION |
| fixed length control field |
190322s2019 nju 000 0 eng |
| 010 ## - LIBRARY OF CONGRESS CONTROL NUMBER |
| LC control number |
2019008593 |
| 020 ## - INTERNATIONAL STANDARD BOOK NUMBER |
| International Standard Book Number |
9789813278714 (hc : alk. paper) |
| 038 ## - RECORD CONTENT LICENSOR |
| Staff Name |
waseem |
| 040 ## - CATALOGING SOURCE |
| Original cataloging agency |
DLC |
| Language of cataloging |
eng |
| Description conventions |
rda |
| Transcribing agency |
DLC |
| 042 ## - AUTHENTICATION CODE |
| Authentication code |
pcc |
| 043 ## - GEOGRAPHIC AREA CODE |
| Geographic area code |
a-cc--- |
| 050 00 - LIBRARY OF CONGRESS CALL NUMBER |
| Classification number |
HC427.95 |
| Item number |
.C45554 2019 |
| 082 00 - DEWEY DECIMAL CLASSIFICATION NUMBER |
| Classification number |
382.30951 |
| Author Mark |
CHI |
| 245 00 - TITLE STATEMENT |
| Title |
China's belt and road initiative and building the community of common destiny / |
| Statement of responsibility, etc. |
edited by Linggui Wang (Chinese Academy of Social Sciences, China) and Jianglin Zhao (Chinese Academy of Social Sciences, China). |
| 263 ## - PROJECTED PUBLICATION DATE |
| Projected publication date |
1904 |
| 264 #1 - PRODUCTION, PUBLICATION, DISTRIBUTION, MANUFACTURE, AND COPYRIGHT NOTICE |
| Place of production, publication, distribution, manufacture |
New Jersey : |
| Name of producer, publisher, distributor, manufacturer |
World Scientific, |
| Date of production, publication, distribution, manufacture, or copyright notice |
[2019] |
| 300 ## - PHYSICAL DESCRIPTION |
| Extent |
pages cm. |
| 336 ## - CONTENT TYPE |
| Content type term |
text |
| Content type code |
txt |
| Source |
rdacontent |
| 337 ## - MEDIA TYPE |
| Media type term |
unmediated |
| Media type code |
n |
| Source |
rdamedia |
| 338 ## - CARRIER TYPE |
| Carrier type term |
volume |
| Carrier type code |
nc |
| Source |
rdacarrier |
| 490 0# - SERIES STATEMENT |
| Series statement |
Series on China's belt and road initiative |
| 563 ## - BINDING INFORMATION |
| Binding note |
Hardcover. |
| 600 ## - SUBJECT ADDED ENTRY--PERSONAL NAME |
| Personal name |
Linggui, Wang : Jianglin, Zhao |
| 9 (RLIN) |
52003 |
| 650 #0 - SUBJECT ADDED ENTRY--TOPICAL TERM |
| Topical term or geographic name entry element |
Regional economics |
| Geographic subdivision |
China |
| Chronological subdivision |
21st century. |
| 9 (RLIN) |
51999 |
| 650 #0 - SUBJECT ADDED ENTRY--TOPICAL TERM |
| Topical term or geographic name entry element |
Economic development |
| Geographic subdivision |
China. |
| 9 (RLIN) |
5068 |
| 650 #0 - SUBJECT ADDED ENTRY--TOPICAL TERM |
| Topical term or geographic name entry element |
Infrastructure (Economics) |
| Geographic subdivision |
China. |
| 9 (RLIN) |
52000 |
| 650 #0 - SUBJECT ADDED ENTRY--TOPICAL TERM |
| Topical term or geographic name entry element |
Transportation |
| Geographic subdivision |
China. |
| 9 (RLIN) |
38493 |
| 651 #0 - SUBJECT ADDED ENTRY--GEOGRAPHIC NAME |
| Geographic name |
China |
| General subdivision |
Foreign economic relations |
| Chronological subdivision |
21st century. |
| 9 (RLIN) |
52001 |
| 700 1# - ADDED ENTRY--PERSONAL NAME |
| Personal name |
Wang, Linggui, |
| Relator term |
editor. |
| 9 (RLIN) |
26034 |
| 700 1# - ADDED ENTRY--PERSONAL NAME |
| Personal name |
Zhao, Jianglin, |
| Relator term |
editor. |
| 9 (RLIN) |
52002 |
| 906 ## - LOCAL DATA ELEMENT F, LDF (RLIN) |
| a |
7 |
| b |
cbc |
| c |
orignew |
| d |
1 |
| e |
ecip |
| f |
20 |
| g |
y-gencatlg |
| 942 ## - ADDED ENTRY ELEMENTS (KOHA) |
| Source of classification or shelving scheme |
|
| Koha item type |
Book |